Maxwell stories

Uloženo v:
Podrobná bibliografie
Hlavní autor: Jaffa, Sam (Autor)
Médium: Kniha
Jazyk:angličtina
Vydáno: Londres Robson Books 1992
Témata:
Tagy: Přidat tag
Žádné tagy, Buďte první, kdo vytvoří štítek k tomuto záznamu!

MARC

LEADER 00000cam a2200000 a 4500
001 UCF5153
003 CL-VaPUC
008 130117e19920000UK |||||||||||||||||eng|d
020 |a 0860518299 
082 0 4 |a 364.168  |b JAF  |2 21 
100 0 |a Jaffa, Sam  |e author  |9 566878 
245 1 0 |a Maxwell stories 
300 |a 190 p 
942 |c BK 
945 |d 20130117 00:00:00  |a dcastane 
260 |a Londres  |b Robson Books  |c 1992 
650 0 |a Crimen  |9 395403 
650 7 |a DELITOS COMERCIALES  |2 CL-VaPUC  |9 459188 
650 0 |a Biografías  |9 255210 
583 |a last modification  |c 20130117 11:37:00  |k Rodrigo Vera 
999 |c 350752  |d 350750 
952 |0 0  |1 0  |4 0  |6 364_168000000000000_JAF_1992  |7 0  |8 A  |9 454330  |a BIBEDU  |b BIBEDU  |d 2019-11-22  |i 4934989  |o 364.168 JAF 1992  |p 4934989  |r 2019-11-22  |w 2019-11-22  |y BK  |k CIT